Discographie de PNL - Mort subite - Statistiques

Statistiques générales
  • Ce quiz a été pris 2 679 fois
  • Le résultat moyen est 8 sur 14
Answers on the Grid
Answers color-coded by a green-red scale on the quiz's grid according to % correct below.
Sheita
Lion
Déconnecté
Bang
Tahia
Dans la soucoupe
Gala gala
Recherche du bonheur
Simba
Mowgli
J'suis PNL
Gaza
Cœurs
Le M
Mirage
Le monde chico
Larmes de verre
Code lunaire
Babel
Plan B
Dernier Soleil
Ame perdu
Monde à part
D.M.S
Eclipse
Temps mort
Dernier remord
Vénus
 
Statistiques - réponses
Réponse % Correct
J'suis PNL
66%
Mowgli
62%
Déconnecté
61%
Gaza
61%
Simba
59%
Cœurs
56%
Lion
54%
Tahia
54%
Le M
53%
Gala gala
51%
Sheita
50%
Dans la soucoupe
49%
Bang
48%
Recherche du bonheur
46%
Aucun quiz correspondant
Distribution des résultats
% des personnes avec chaque résultat
Percentile par nombre de réponses
Votre historique - résultats
Vous n’avez pas pris ce quiz